Cities of the Golden Ring of Russia - Statistics

General Stats
  • This quiz has been taken 19 times
  • The average score is 4 of 8
Answer Stats
Hint Answer % Correct
A former capital of Rus Vladimir
80%
"Capital" of the Golden Ring, largest city of them all Yaroslavl
80%
An "open air" museum and incredibly small town Suzdal
73%
Textile-city, we call it "city of brides" Ivanovo
67%
Famous for its cheese Kostroma
60%
A city named after a saint and has a very famous monastery Sergiyev Posad
40%
This small town has it's own Kremlin fortress Rostov Velikiy
27%
A lot of glass is made here Gus-Khrustalny
20%
No matching quizzes found
Score Distribution
Percent of People with Each Score
Percentile by Number Answered
Your Score History
You have not taken this quiz